00281nam a22001097a 4500020001500000040000900015082001700024100001500041245003500056260004500091650003500136 a8176353345 cNust a005.133bARC aTom Archer aVisual inter Dev 6 in 24 hours aNew Delhi:bTechmedia Publishers,c1999. aVisual inter Dev 6 in 24 hours